01570nam0a2200325 4500001001900000005001700019010003000036021001900066035002200085035002600107100004100133101001300174102000700187105001800194106000600212200028500218210006300503215002300566225004700589606011200636610020700748610010800955686002201063686001301085700004701098801003101145801002601176801002801202830001401230RU\NLR\bibl\79265720250614123045.0 a5-94074-256-4bв обл. aRUb2004-79399 aRSL-KNO-002555901 a(NLR Aleph) 000781880 a20041223d2004 |||y0rusy50 ca1 arusceng aRU aa ||||||||| ar1 aПроекты и эксперименты с КМОП микросхемамиe[генераторы, звуковая и световая сигнализация, таймеры, инверторы]fНьютон С. Брагаg[пер. с англ. Безяева П. Г.] aМ.cДМК Прессd2004gОАО Моск. тип. j 9 a247 с.cил.d211 aВ помощь радиолюбителю1 aИнтегральные схемы на КМОП-структурахxДетали3RU\NLR\auth\6613884930 aРадиоэлектроника -- Радиотехника -- Радиоэлектронная аппаратура -- Микрорадиоэлектроника -- Интегральные схемы0 aинверторыaзвуковая и световая сигнализацияaгенераторы aЗ844.15,02rubbk aЗ844.15 1aБрагаbН. С.gНьютон С.4070 0aRUbRuMoRKPc20041223grcr 1aRUbRuMoRGBc20041223 2aRUbNLRc20050427gPSBO aпо кн